Précis de versification : Avec exercices corrigés (notice n° 2117700)

détails MARC
000 -LEADER
fixed length control field 00884cam a2200133 4500500
005 - DATE AND TIME OF LATEST TRANSACTION
control field 20260405015729.0
041 ## - LANGUAGE CODE
Language code of text/sound track or separate title fre
042 ## - AUTHENTICATION CODE
Authentication code dc
100 10 - MAIN ENTRY--PERSONAL NAME
Personal name Buffard-Moret, Brigitte
Relator term author
245 00 - TITLE STATEMENT
Title Précis de versification : Avec exercices corrigés
260 ## - PUBLICATION, DISTRIBUTION, ETC.
Name of publisher, distributor, etc. Armand Colin,<br/>
Date of publication, distribution, etc. 2023.<br/>
520 ## - SUMMARY, ETC.
Summary, etc. Cet ouvrage présente un panorama descriptif des règles de versification, illustré de nombreux exemples commentés dans une perspective littéraire. Il propose aussi un historique de la poésie française, rendant compte de l'évolution des pratiques métriques, de l'époque médiévale jusqu'à nos jours. Tout un chapitre est consacré à la chanson populaire française. Des exercices de versification ponctuent l'ouvrage, accompagnés de leur corrigé.
856 41 - ELECTRONIC LOCATION AND ACCESS
Uniform Resource Identifier <a href="https://shs.cairn.info/precis-de-versification--9782200635329?lang=fr&redirect-ssocas=7080">https://shs.cairn.info/precis-de-versification--9782200635329?lang=fr&redirect-ssocas=7080</a>

Pas d'exemplaire disponible.

PLUDOC

PLUDOC est la plateforme unique et centralisée de gestion des bibliothèques physiques et numériques de Guinée administré par le CEDUST. Elle est la plus grande base de données de ressources documentaires pour les Étudiants, Enseignants chercheurs et Chercheurs de Guinée.

Adresse

627 919 101/664 919 101

25 boulevard du commerce
Kaloum, Conakry, Guinée

Réseaux sociaux

Powered by Netsen Group @ 2025